000 00395nam a2200109Ia 4500
008 171204s9999 xx 000 0 und d
245 _aAudience Research Methodologies: Between Innovation and Consolidation:
245 _cGeoffroy Patriarche, Helena Bilandzic, and Jakob Linaa Jensen
260 _c2013
650 _xPolitics and Sociology
856 _uhttp://down.ebook777.com/063/0415827353.pdf
999 _c345589
_d345589